LIBRARY & INFORMATION CENTRE, KCAET, TAVANUR

ONLINE PUBLIC ACCESS CATALOGUE (OPAC)

Investigations for the development of electrostatic pollinator (Record no. 15778)

MARC details
000 -LEADER
fixed length control field 00492nam a22001457a 4500
003 - CONTROL NUMBER IDENTIFIER
control field OSt
008 - FIXED-LENGTH DATA ELEMENTS--GENERAL INFORMATION
fixed length control field 191016b ||||| |||| 00| 0 eng d
082 ## - DEWEY DECIMAL CLASSIFICATION NUMBER
Classification number 631.3
Item number RIN/IN
100 ## - MAIN ENTRY--AUTHOR NAME
Personal name Rinju Lukose
245 ## - TITLE STATEMENT
Title Investigations for the development of electrostatic pollinator
260 ## - PUBLICATION, DISTRIBUTION, ETC. (IMPRINT)
Place of publication Tavanur
Name of publisher Department of Farm Machinery and Power Engineering
Year of publication 2019
700 ## - ADDED ENTRY--PERSONAL NAME
Personal name Dhalin, D (Guide)
856 ## - ELECTRONIC LOCATION AND ACCESS
Uniform Resource Identifier <a href="https://drive.google.com/open?id=1B7gpfgbvVHG4Iqggt5I4XqhMt86YPmHn">https://drive.google.com/open?id=1B7gpfgbvVHG4Iqggt5I4XqhMt86YPmHn</a>
942 ## - ADDED ENTRY ELEMENTS (KOHA)
Koha item type Theses
Holdings
Withdrawn status Lost status Damaged status Home library Current library Shelving location Date acquired Full call number Accession Number Koha item type
      KAUAET KAUAET Reference 16/10/2019 631.3 RIN/IN T 462 Theses
free website counter